Pokémon di tipo Acqua - Statistics

Statistiche generali
  • Questo quiz è stato fatto 30 volte
  • Il punteggio medio è 89 su 181
Statistiche sulle risposte
Numero Pokédex Nazionale Tipo Tipo Pokémon % Corretto
9 Acqua Acqua Blastoise
96%
9 Acqua Acqua Blastoise Gigamax
96%
9 Acqua Acqua MegaBlastoise
96%
7 Acqua Acqua Squirtle
96%
129 Acqua Acqua Magikarp
88%
8 Acqua Acqua Wartortle
88%
72 Acqua Veleno Tentacool
84%
73 Acqua Veleno Tentacruel
84%
130 Acqua Volante Gyarados
80%
131 Acqua Ghiaccio Lapras
80%
131 Acqua Ghiaccio Lapras Gigamax
80%
130 Acqua Buio MegaGyarados
80%
503 Acqua Acqua Samurott
80%
503 Acqua Buio Samurott (Forma di Hisui)
80%
121 Acqua Psico Starmie
80%
120 Acqua Acqua Staryu
80%
158 Acqua Acqua Totodile
80%
159 Acqua Acqua Croconaw
76%
118 Acqua Acqua Goldeen
76%
658 Acqua Buio Greninja
76%
658 Acqua Buio Greninja (Forma Ash)
76%
501 Acqua Acqua Oshawott
76%
393 Acqua Acqua Piplup
76%
60 Acqua Acqua Poliwag
76%
61 Acqua Acqua Poliwhirl
76%
134 Acqua Acqua Vaporeon
76%
184 Acqua Folletto Azumarill
72%
87 Acqua Ghiaccio Dewgong
72%
395 Acqua Acciaio Empoleon
72%
160 Acqua Acqua Feraligatr
72%
80 Acqua Psico MegaSlowbro
72%
62 Acqua Lotta Poliwrath
72%
80 Acqua Psico Slowbro
72%
79 Acqua Psico Slowpoke
72%
502 Acqua Acqua Dewott
68%
382 Acqua Acqua Kyogre
68%
382 Acqua Acqua Kyogre (Archeorisveglio)
68%
171 Acqua Elettro Lanturn
68%
183 Acqua Folletto Marill
68%
138 Roccia Acqua Omanyte
68%
139 Roccia Acqua Omastar
68%
119 Acqua Acqua Seaking
68%
86 Acqua Acqua Seel
68%
199 Acqua Psico Slowking
68%
245 Acqua Acqua Suicune
68%
170 Acqua Elettro Chinchou
64%
656 Acqua Acqua Froakie
64%
116 Acqua Acqua Horsea
64%
140 Roccia Acqua Kabuto
64%
141 Roccia Acqua Kabutops
64%
258 Acqua Acqua Mudkip
64%
394 Acqua Acqua Prinplup
64%
117 Acqua Acqua Seadra
64%
224 Acqua Acqua Octillery
60%
90 Acqua Acqua Shellder
60%
493 Acqua Acqua Arceus (Acqua)
56%
318 Acqua Buio Carvanha
56%
91 Acqua Ghiaccio Cloyster
56%
592 Acqua Spettro Frillish
56%
657 Acqua Acqua Frogadier
56%
55 Acqua Acqua Golduck
56%
230 Acqua Drago Kingdra
56%
319 Acqua Buio MegaSharpedo
56%
260 Acqua Terra MegaSwampert
56%
279 Acqua Volante Pelipper
56%
195 Acqua Terra Quagsire
56%
211 Acqua Veleno Qwilfish
56%
223 Acqua Acqua Remoraid
56%
319 Acqua Buio Sharpedo
56%
363 Ghiaccio Acqua Spheal
56%
260 Acqua Terra Swampert
56%
321 Acqua Acqua Wailord
56%
278 Acqua Volante Wingull
56%
194 Acqua Terra Wooper
56%
565 Acqua Roccia Carracosta
52%
366 Acqua Acqua Clamperl
52%
222 Acqua Roccia Corsola
52%
349 Acqua Acqua Feebas
52%
593 Acqua Spettro Jellicent
52%
99 Acqua Acqua Kingler
52%
99 Acqua Acqua Kingler Gigamax
52%
98 Acqua Acqua Krabby
52%
259 Acqua Terra Marshtomp
52%
350 Acqua Acqua Milotic
52%
484 Acqua Drago Palkia
52%
484 Acqua Drago Palkia (Forma Originale)
52%
515 Acqua Acqua Panpour
52%
728 Acqua Acqua Popplio
52%
54 Acqua Acqua Psyduck
52%
369 Acqua Roccia Relicanth
52%
479 Elettro Acqua Rotom (Rotom Lavaggio)
52%
364 Ghiaccio Acqua Sealeo
52%
422 Acqua Acqua Shellos
52%
516 Acqua Acqua Simipour
52%
320 Acqua Acqua Wailmer
52%
365 Ghiaccio Acqua Walrein
52%
339 Acqua Terra Barboach
48%
341 Acqua Acqua Corphish
48%
367 Acqua Acqua Huntail
48%
271 Acqua Erba Lombre
48%
272 Acqua Erba Ludicolo
48%
226 Acqua Volante Mantine
48%
536 Acqua Terra Palpitoad
48%
186 Acqua Acqua Politoed
48%
730 Acqua Folletto Primarina
48%
564 Acqua Roccia Tirtouga
48%
535 Acqua Acqua Tympole
48%
340 Acqua Terra Whiscash
48%
594 Acqua Acqua Alomomola
44%
550 Acqua Acqua Basculin (Forma Lineabianca)
44%
550 Acqua Acqua Basculin (Forma Lineablu)
44%
550 Acqua Acqua Basculin (Forma Linearossa)
44%
400 Normale Acqua Bibarel
44%
342 Acqua Buio Crawdaunt
44%
456 Acqua Acqua Finneon
44%
368 Acqua Acqua Gorebyss
44%
270 Acqua Erba Lotad
44%
490 Acqua Acqua Manaphy
44%
489 Acqua Acqua Phione
44%
537 Acqua Terra Seismitoad
44%
283 Coleottero Acqua Surskit
44%
418 Acqua Acqua Buizel
40%
580 Acqua Volante Ducklett
40%
818 Acqua Acqua Inteleon
40%
818 Acqua Acqua Inteleon Gigamax
40%
647 Acqua Lotta Keldeo
40%
370 Acqua Acqua Luvdisc
40%
458 Acqua Volante Mantyke
40%
581 Acqua Volante Swanna
40%
721 Fuoco Acqua Volcanion
40%
729 Acqua Acqua Brionne
36%
351 Acqua Acqua Castform (Forma Pioggia)
36%
423 Acqua Terra Gastrodon
36%
457 Acqua Acqua Lumineon
36%
912 Acqua Acqua Quaxly
36%
692 Acqua Acqua Clauncher
32%
693 Acqua Acqua Clawitzer
32%
419 Acqua Acqua Floatzel
32%
773 Acqua Acqua Silvally (Tipo Acqua)
32%
816 Acqua Acqua Sobble
32%
752 Acqua Coleotttero Araquanid
28%
914 Acqua Lotta Quaquaval
28%
1009 Acqua Drago Acquecrespe
24%
902 Acqua Spettro Basculegion (Femmina)
24%
902 Acqua Spettro Basculegion (Maschio)
24%
977 Acqua Acqua Dondozo
24%
834 Acqua Roccia Drednaw
24%
834 Acqua Roccia Drednaw Gigamax
24%
913 Acqua Acqua Quaxwell
24%
788 Acqua Folletto Tapu Fini
24%
128 Lotta Acqua Tauros (Forma di Paldea Varietà Acquatica)
24%
688 Roccia Acqua Binacle
20%
779 Acqua Psico Bruxish
20%
833 Acqua Acqua Chewtle
20%
751 Acqua Coleottero Dewpider
20%
817 Acqua Acqua Drizzile
20%
768 Coleottero Acqua Golisopod
20%
690 Veleno Acqua Skrelp
20%
978 Drago Acqua Tatsugiri
20%
892 Lotta Acqua Urshifu Gigamax (Stile Pluricolpo)
20%
892 Lotta Acqua Urshifu (Stile Pluricolpo)
20%
767 Coleottero Acqua Wimpod
20%
883 Acqua Ghiaccio Arctovish
16%
689 Roccia Acqua Barbaracle
16%
847 Acqua Acqua Barraskewda
16%
845 Volante Acqua Cramorant
16%
882 Acqua Drago Dracovish
16%
748 Veleno Acqua Toxapex
16%
960 Acqua Acqua Wiglett
16%
746 Acqua Acqua Wishiwashi (Forma Banco)
16%
746 Acqua Acqua Wishiwashi (Forma Individuale)
16%
961 Acqua Acqua Wugtrio
16%
846 Acqua Acqua Arrokuda
12%
963 Acqua Acqua Finizen
12%
747 Veleno Acqua Mareanie
12%
1017 Erba Acqua Ogerpon (Maschera Pozzo)
8%
964 Acqua Acqua Palafin (Forma Ingenua)
8%
964 Acqua Acqua Palafin (Forma Possente)
8%
771 Acqua Acqua Pyukumuku
8%
991 Ghiaccio Acqua Saccoferreo
8%
976 Acqua Psico Veluza
8%
Nessun quiz corrispondente trovato
Distribuzione punteggi
Percentuale di utenti per punteggio
Percentile per numero di risposta
I tuoi punteggi nel tempo
Non hai fatto questo quiz